| 000 | 00830cam a2200229 a 4500 | ||
|---|---|---|---|
| 020 | _a0470213566 : | ||
| 082 | 0 | 0 |
_a005.262 F _bDHA _cNL-01,P-10 |
| 100 | 1 |
_aDhaliwal, R. S. _936770 |
|
| 245 | 1 | 0 |
_aProgramming with FORTRAN 77 : _ba structured approach / _cR.S. Dhaliwal, S. Kumar, S.K. Gupta. |
| 260 |
_aNew York : _bWiley, _c1989. |
||
| 300 |
_axii, 408 p., [5] p. of plates : _bill. ; _c25 cm. |
||
| 500 | _a"First published in 1989 by Wiley Eastern Limited"--T.p. verso. | ||
| 500 | _aIncludes index. | ||
| 526 |
_a0 _b0 _c0 _d005_262000000000000_F_DHA |
||
| 526 |
_a0 _b0 _c0 _d005_262000000000000_F_DHA |
||
| 526 |
_a0 _b0 _c0 _d005_262000000000000_F_DHA |
||
| 650 | 0 |
_aFORTRAN 77 (Computer program language) _936771 |
|
| 650 | 0 |
_aNUST _96342 |
|
| 700 | 1 |
_aGupta, S. K. _936772 |
|
| 700 | 1 |
_aKumar, S. _936773 |
|
| 942 |
_2ddc _cBK |
||
| 999 |
_c541745 _d541745 |
||